[Event "V Sarkany-Aranytiz GM"]
[Site "Budapest HUN"]
[Date "2014.08.16"]
[Round "1.1"]
[White "Izso, Daniel"]
[Black "To, Nhat Minh"]
[Result "0-1"]
[BlackTitle "IM"]
[WhiteElo "2370"]
[BlackElo "2339"]
[WhiteFideId "723924"]
[BlackFideId "729019"]
[EventDate "2014.08.16"]

1. e4 c5 2. Nf3 e6 3. d4 cxd4 4. Nxd4 Nc6 5. Nb5 d6 6. c4 Nf6 7. N1c3 a6 8. Nd4
Be7 9. Be2 O-O 10. O-O Qc7 11. Be3 Ne5 12. Rc1 b6 13. f4 Ned7 14. Bf3 Bb7 15. f5
e5 16. Nd5 Qd8 17. Ne2 Nxd5 18. cxd5 Bg5 19. Qd2 Bxe3+ 20. Qxe3 a5 21. Nc3 Nc5
22. Be2 f6 23. Rf3 Ba6 24. Rh3 Rf7 25. Bxa6 Rxa6 26. Qe2 Ra8 27. Rf1 Rc8 28.
Rff3 b5 29. Rfg3 b4 30. Nd1 Qb6 31. Kh1 Qa6 32. Re3 Rfc7 33. g4 Qxe2 34. Rxe2
Na4 35. Rd3 Rc1 36. Kg2 Nc5 37. Rdd2 a4 38. Re3 Ra1 39. b3 Ra8 40. Kf3 axb3 41.
axb3 R8a3 42. Nb2 Nxb3 43. Rdd3 Nd4+ 44. Kg3 Kf8 45. Nc4 Rg1+ 46. Kf2 Raa1 47.
Rg3 Rgc1 48. Nd2 Ra2 49. Rg2 b3 0-1

[Event "V Sarkany-Aranytiz GM"]
[Site "Budapest HUN"]
[Date "2014.08.16"]
[Round "1.2"]
[White "Korpa, Bence"]
[Black "Kislik, Erik Andrew"]
[Result "1/2-1/2"]
[WhiteTitle "FM"]
[BlackTitle "IM"]
[WhiteElo "2418"]
[BlackElo "2362"]
[WhiteFideId "706671"]
[BlackFideId "2022702"]
[EventDate "2014.08.16"]

1. c4 e6 2. Nf3 d5 3. g3 dxc4 4. Qa4+ Nd7 5. Qxc4 a6 6. Bg2 b5 7. Qc2 Bb7 8. O-O
c5 9. a4 Ngf6 10. d3 Be7 11. Nc3 Bc6 12. Nh4 Bxg2 13. Nxg2 Rb8 14. axb5 axb5 15.
Bf4 Rb7 16. Ra6 O-O 17. Rfa1 Nb8 18. Ra8 Qd7 19. Bxb8 Rfxb8 20. Qb3 Qd8 21. Rxb8
Rxb8 22. Ne3 Qb6 23. Qa2 Qd8 24. Qa6 b4 25. Ne4 Nxe4 26. dxe4 Bf6 27. Rd1 Bd4
28. b3 Qf6 29. Qd6 Rf8 30. Ng4 Qg6 31. Qf4 f5 32. exf5 exf5 33. Ne5 Qe6 34. Nf3
Qxb3 35. Rd3 Qb1+ 36. Kg2 b3 37. Nxd4 cxd4 38. Qxd4 Qc2 39. Qd5+ Kh8 40. Rxb3
Qxe2 41. Qxf5 Qe8 42. Qc2 Qa8+ 43. f3 h6 44. Rc3 Qd5 45. Rd3 Qe5 46. Rd2 Qe3 47.
Rf2 Re8 48. Qd2 Qb3 49. h4 Qb1 50. Qc2 Qe1 51. Rd2 Qe3 52. g4 Qe1 53. Rf2 Qe6
54. Qd3 Qf6 55. h5 Qe6 56. Rc2 Qe1 57. Qb5 Qe3 58. Qb2 Qe1 59. Rd2 Kg8 60. Rf2
Kh8 61. Qd2 Qe6 62. Qd1 Qf6 63. Rd2 Rf8 64. Qe2 Qa1 65. Ra2 Qd4 66. Rd2 Qf4 67.
Rd7 Rb8 68. Re7 Qf8 69. Qe5 Rb2+ 70. Kg3 Rb5 71. Qe4 Rb8 72. g5 hxg5 73. h6 Qf4+
74. Qxf4 gxf4+ 75. Kxf4 gxh6 76. Re1 1/2-1/2

[Event "V Sarkany-Aranytiz GM"]
[Site "Budapest HUN"]
[Date "2014.08.16"]
[Round "1.3"]
[White "Hera, Imre Jr."]
[Black "Fernandez, Daniel Howard"]
[Result "0-1"]
[WhiteTitle "GM"]
[BlackTitle "IM"]
[WhiteElo "2566"]
[BlackElo "2400"]
[WhiteFideId "716855"]
[BlackFideId "5801605"]
[EventDate "2014.08.16"]

1. c4 e6 2. g3 d5 3. Bg2 Nf6 4. Nf3 Be7 5. O-O O-O 6. d4 b6 7. Nc3 Bb7 8. Ne5
Nbd7 9. Qa4 c6 10. Nxc6 Bxc6 11. Qxc6 Rc8 12. Qa4 Rxc4 13. Qd1 a6 14. Qd3 b5 15.
b3 Rc8 16. Bb2 Qb6 17. e3 Rc7 18. Rfc1 Rfc8 19. a4 bxa4 20. Nxa4 Rxc1+ 21. Bxc1
Qb5 22. Bf1 Qxd3 23. Bxd3 Rb8 24. Rb1 a5 25. Nc3 e5 26. dxe5 Nxe5 27. Be2 Bb4
28. Bb2 Ned7 29. Rd1 Bxc3 30. Bxc3 Rxb3 31. Bxa5 g5 32. Bf3 Ne5 33. Bxd5 Rb5 34.
Bxf7+ Kxf7 35. Bc3 Nf3+ 36. Kg2 g4 37. Bxf6 Kxf6 38. h3 h5 39. Ra1 Kf5 40. Rc1
Rb2 41. hxg4+ hxg4 42. Ra1 Ne5 43. Rd1 Rb4 44. Kf1 Ke4 45. Rd8 Rb1+ 46. Ke2 Rb2+
47. Kf1 Nf3 48. Re8+ Kd3 49. Rd8+ Kc2 50. Rc8+ Kd1 51. Rd8+ Nd2+ 52. Kg2 Ke1 53.
Rh8 Ne4 54. Rh1+ Ke2 55. Rf1 Ra2 0-1

[Event "V Sarkany-Aranytiz GM"]
[Site "Budapest HUN"]
[Date "2014.08.16"]
[Round "1.4"]
[White "Mihok, Oliver"]
[Black "Szabo, Gergely-Andras-Gyula"]
[Result "0-1"]
[WhiteTitle "IM"]
[BlackTitle "GM"]
[WhiteElo "2455"]
[BlackElo "2541"]
[WhiteFideId "728012"]
[BlackFideId "1205064"]
[EventDate "2014.08.16"]

1. e4 d5 2. exd5 Qxd5 3. Nc3 Qd6 4. d4 c6 5. Nf3 Nf6 6. Ne5 Nbd7 7. Nc4 Qc7 8.
a4 Nb6 9. Ne5 g6 10. a5 Nbd7 11. Nc4 Bg7 12. g3 O-O 13. Bf4 e5 14. dxe5 Nh5 15.
Be2 Nxf4 16. gxf4 Nc5 17. Qd6 Qxd6 18. Nxd6 Ne6 19. Ra4 Nxf4 20. Nxc8 Nxe2 21.
Ne7+ Kh8 22. Kxe2 Rae8 23. Nxc6 bxc6 24. f4 f6 25. Ne4 fxe5 26. fxe5 Rxe5 27. b3
Rf4 28. Kd3 Rd5+ 29. Ke2 Bd4 30. Kd3 Bb6+ 31. Ke2 Bd4 32. Kd3 Bb6+ 33. Ke2 Bxa5
34. Ke3 Rh4 35. c4 Bb6+ 36. c5 Rh3+ 37. Ke2 Bxc5 38. Nxc5 Rxc5 39. Rxa7 Rc2+ 40.
Kd1 Rb2 41. Kc1 Rhxb3 0-1

[Event "V Sarkany-Aranytiz GM"]
[Site "Budapest HUN"]
[Date "2014.08.16"]
[Round "1.5"]
[White "Horvath, Csaba"]
[Black "Zhou, Yang-Fan"]
[Result "1/2-1/2"]
[WhiteTitle "GM"]
[BlackTitle "IM"]
[WhiteElo "2540"]
[BlackElo "2475"]
[WhiteFideId "700118"]
[BlackFideId "468584"]
[EventDate "2014.08.16"]

1. d4 Nf6 2. c4 g6 3. Nf3 Bg7 4. g3 O-O 5. Bg2 d6 6. O-O c6 7. Nc3 Qa5 8. e4 e5
9. h3 Nbd7 10. Re1 exd4 11. Nxd4 Ne5 12. Bf1 1/2-1/2

[Event "V Sarkany-Aranytiz GM"]
[Site "Budapest HUN"]
[Date "2014.08.17"]
[Round "2.1"]
[White "To, Nhat Minh"]
[Black "Zhou, Yang-Fan"]
[Result "0-1"]
[WhiteTitle "IM"]
[BlackTitle "IM"]
[WhiteElo "2339"]
[BlackElo "2475"]
[WhiteFideId "729019"]
[BlackFideId "468584"]
[EventDate "2014.08.16"]

1. d4 Nf6 2. c4 g6 3. Nc3 Bg7 4. e4 d6 5. Be2 O-O 6. h4 c5 7. d5 e6 8. h5 exd5
9. hxg6 hxg6 10. cxd5 a6 11. Bg5 Qa5 12. Qd2 Re8 13. Kf1 Nbd7 14. Bh6 Bh8 15.
Nh3 b5 16. f3 Nh5 17. Kf2 Be5 18. Rhc1 Ndf6 19. a4 b4 20. Nd1 Bd4+ 21. Ke1 Bxh3
22. gxh3 Nxd5 23. exd5 Ng3 24. Be3 Qd8 25. Bd3 Qh4 26. Qf2 Rxe3+ 27. Nxe3 Re8
28. Rc4 Rxe3+ 29. Qxe3 Nf5+ 30. Ke2 Nxe3 31. Rcc1 Bxb2 32. Kxe3 Bxa1 33. Rxa1
Qd4+ 0-1

[Event "V Sarkany-Aranytiz GM"]
[Site "Budapest HUN"]
[Date "2014.08.17"]
[Round "2.2"]
[White "Szabo, Gergely-Andras-Gyula"]
[Black "Horvath, Csaba"]
[Result "1/2-1/2"]
[WhiteTitle "GM"]
[BlackTitle "GM"]
[WhiteElo "2541"]
[BlackElo "2540"]
[WhiteFideId "1205064"]
[BlackFideId "700118"]
[EventDate "2014.08.16"]

1. e4 c5 2. Nf3 e6 3. c3 Nf6 4. e5 Nd5 5. d4 cxd4 6. cxd4 d6 7. Bc4 Be7 8. O-O
O-O 9. Qe2 b6 10. Qe4 Ba6 11. Nbd2 dxe5 1/2-1/2

[Event "V Sarkany-Aranytiz GM"]
[Site "Budapest HUN"]
[Date "2014.08.17"]
[Round "2.3"]
[White "Fernandez, Daniel Howard"]
[Black "Mihok, Oliver"]
[Result "1/2-1/2"]
[WhiteTitle "IM"]
[BlackTitle "IM"]
[WhiteElo "2400"]
[BlackElo "2455"]
[WhiteFideId "5801605"]
[BlackFideId "728012"]
[EventDate "2014.08.16"]

1. d4 d5 2. Nf3 Nf6 3. c4 e6 4. cxd5 exd5 5. Bg5 c6 6. Qc2 h6 7. Bxf6 Qxf6 8. e3
Bf5 9. Bd3 Bxd3 10. Qxd3 Nd7 11. O-O Be7 12. Nc3 O-O 13. Rab1 a5 14. Qc2 Rfe8
15. a3 Bd6 16. Rfe1 Qe7 17. e4 dxe4 18. Rxe4 Qd8 19. Rxe8+ Qxe8 20. Re1 Qd8 21.
d5 cxd5 22. Nxd5 Nf6 23. Nc3 Qb6 24. g3 Rd8 25. Re2 Qc6 26. Ne4 Nxe4 27. Qxc6
bxc6 28. Rxe4 Rb8 29. Re2 a4 30. Rc2 g6 31. h4 Bf8 32. Kg2 Bg7 33. Rxc6 Bxb2 34.
Ra6 Bxa3 35. Rxa4 Bf8 36. h5 Bg7 37. hxg6 fxg6 38. Ra6 g5 39. Nh2 Rb2 40. Rd6
Bf8 41. Rd7 Rb4 42. Kh3 h5 43. Kg2 Rb5 44. Nf3 Bg7 45. Nd4 1/2-1/2

[Event "V Sarkany-Aranytiz GM"]
[Site "Budapest HUN"]
[Date "2014.08.17"]
[Round "2.4"]
[White "Kislik, Erik Andrew"]
[Black "Hera, Imre Jr."]
[Result "0-1"]
[WhiteTitle "IM"]
[BlackTitle "GM"]
[WhiteElo "2362"]
[BlackElo "2566"]
[WhiteFideId "2022702"]
[BlackFideId "716855"]
[EventDate "2014.08.16"]

1. d4 d5 2. c4 dxc4 3. e3 Nf6 4. Bxc4 e6 5. Nf3 a6 6. O-O b5 7. Be2 Bb7 8. a4 b4
9. Nbd2 Nbd7 10. b3 c5 11. Bb2 Be7 12. Rc1 O-O 13. Rc2 Rc8 14. Qb1 cxd4 15. Rxc8
Qxc8 16. Rc1 Qa8 17. Bxd4 Nd5 18. e4 Nf4 19. Bf1 Nf6 20. Re1 Rd8 21. g3 Ng6 22.
Bg2 a5 23. h4 h5 24. Qc2 Rc8 25. Qb1 Rd8 26. Qc2 Rd7 27. Bb2 Ng4 28. Nh2 N4e5
29. Bf1 Qd8 30. Nc4 Nxc4 31. Qxc4 Rd2 32. Re2 Rd1 33. Nf3 Qa8 34. Qc2 Rd8 35.
Nd2 Qa7 36. Nc4 Bc5 37. Bg2 Ba6 38. Bf3 Bd4 39. Rd2 Bxc4 40. bxc4 Ne5 41. Bxh5
b3 42. Qd1 Bxf2+ 43. Kg2 Rxd2 44. Qxd2 Nxc4 45. Qc3 Nxb2 46. Qxb2 Qe3 47. Bf3
Qe1 48. Kh3 Qf1+ 49. Bg2 Qd3 50. Qxf2 Qc2 51. Qd4 b2 0-1

[Event "V Sarkany-Aranytiz GM"]
[Site "Budapest HUN"]
[Date "2014.08.17"]
[Round "2.5"]
[White "Izso, Daniel"]
[Black "Korpa, Bence"]
[Result "1/2-1/2"]
[BlackTitle "FM"]
[WhiteElo "2370"]
[BlackElo "2418"]
[WhiteFideId "723924"]
[BlackFideId "706671"]
[EventDate "2014.08.16"]

1. e4 c5 2. Nf3 e6 3. d4 cxd4 4. Nxd4 Nc6 5. Nb5 d6 6. c4 Nf6 7. N1c3 a6 8. Na3
b6 9. Be2 Bb7 10. O-O Be7 11. Be3 Ne5 12. Qd4 Ned7 13. Rfd1 O-O 14. Rac1 Qc7 15.
Kh1 Rac8 16. f3 Rfe8 17. Nc2 Qb8 18. Bg1 Ba8 19. Bf1 h5 20. Qf2 Bd8 21. Ne3 Bc7
22. b4 Ne5 23. a3 Bb7 24. Rc2 Ng6 25. Rcd2 h4 26. Bd3 Nh5 27. Ne2 Qa8 28. h3
Ng3+ 29. Nxg3 hxg3 30. Qxg3 d5 31. Qf2 dxe4 32. Bxe4 Bxe4 33. fxe4 Qxe4 34. Rd4
Qc6 35. Bh2 Bxh2 36. Kxh2 Qc7+ 37. Kg1 Red8 38. Rxd8+ Rxd8 39. Rxd8+ Qxd8 40.
Nc2 Ne5 41. c5 bxc5 42. Qxc5 Qd1+ 43. Kh2 Nd3 44. Qc6 Nf4 45. Qa8+ Kh7 46. Qe4+
Ng6 47. Nd4 Kg8 48. a4 Qxa4 49. Nxe6 fxe6 50. Qxg6 Qc6 51. Qg3 1/2-1/2

[Event "V Sarkany-Aranytiz GM"]
[Site "Budapest HUN"]
[Date "2014.08.18"]
[Round "3.1"]
[White "Zhou, Yang-Fan"]
[Black "Szabo, Gergely-Andras-Gyula"]
[Result "1/2-1/2"]
[WhiteTitle "IM"]
[BlackTitle "GM"]
[WhiteElo "2475"]
[BlackElo "2541"]
[WhiteFideId "468584"]
[BlackFideId "1205064"]
[EventDate "2014.08.16"]

1. e4 d5 2. exd5 Qxd5 3. Nc3 Qd8 4. d4 Nf6 5. Nf3 Bg4 6. Ng1 Bc8 7. Nf3 Bg4 8.
Be2 e6 9. Be3 c6 10. h3 Bxf3 11. Bxf3 Nbd7 12. O-O Bd6 13. a4 O-O 14. Re1 Bb4
15. Qd3 Qc7 1/2-1/2

[Event "V Sarkany-Aranytiz GM"]
[Site "Budapest HUN"]
[Date "2014.08.18"]
[Round "3.2"]
[White "Hera, Imre Jr."]
[Black "Izso, Daniel"]
[Result "1-0"]
[WhiteTitle "GM"]
[WhiteElo "2566"]
[BlackElo "2370"]
[WhiteFideId "716855"]
[BlackFideId "723924"]
[EventDate "2014.08.16"]

1. Nf3 Nf6 2. g3 d5 3. Bg2 e6 4. O-O c5 5. c4 dxc4 6. Na3 Be7 7. Nxc4 O-O 8. d4
Nc6 9. dxc5 Bxc5 10. a3 a5 11. Qb3 Qe7 12. Bg5 e5 13. e3 Re8 14. Nfd2 Be6 15.
Qb5 Rac8 16. Bxf6 gxf6 17. Nxa5 Nxa5 18. Qxa5 f5 19. Qb5 Red8 20. Rfd1 f4 21.
exf4 Bg4 22. Nf3 Rxd1+ 23. Rxd1 e4 24. Re1 Qd6 25. Rxe4 Qd5 26. Nd4 Kg7 27. f5
Bh3 28. Rg4+ Bxg4 29. Bxd5 Bxd4 30. Qd7 Rc1+ 31. Kg2 1-0

[Event "V Sarkany-Aranytiz GM"]
[Site "Budapest HUN"]
[Date "2014.08.18"]
[Round "3.3"]
[White "Mihok, Oliver"]
[Black "Kislik, Erik Andrew"]
[Result "1/2-1/2"]
[WhiteTitle "IM"]
[BlackTitle "IM"]
[WhiteElo "2455"]
[BlackElo "2362"]
[WhiteFideId "728012"]
[BlackFideId "2022702"]
[EventDate "2014.08.16"]

1. e4 e5 2. Nf3 Nc6 3. Bb5 a6 4. Ba4 Nf6 5. O-O Be7 6. Re1 b5 7. Bb3 d6 8. c3
O-O 9. h3 Bb7 10. d4 Re8 11. Ng5 Rf8 12. Nf3 Re8 13. Nbd2 exd4 14. cxd4 Na5 15.
Bc2 Nd7 16. b3 Bf6 17. Bb2 c5 18. e5 dxe5 19. dxe5 Be7 20. Ne4 Nf8 21. Qe2 Qb6
22. Nfg5 Bxe4 23. Nxe4 Nc6 24. Qg4 Nd4 25. Bd3 Rad8 26. Rad1 Ng6 27. Ng5 Bxg5
28. Qxg5 Rxe5 29. Rxe5 f6 30. Re8+ Rxe8 31. Qd5+ Ne6 32. Bf5 Nf8 33. Re1 Kf7 34.
Bg4 g6 35. Re3 Re7 36. h4 Qd8 37. Qc6 f5 38. Bf3 Qd2 39. Re2 Qd1+ 40. Kh2 Qd7
41. Qxa6 Nd4 42. Rxe7+ Kxe7 43. Ba8 Nfe6 44. g3 f4 45. Bg2 fxg3+ 46. fxg3 Nf5
47. Qb7 Qxb7 48. Bxb7 b4 49. Kg2 Kd6 50. Kf2 Ned4 51. Ba6 Ke5 52. Bd3 Nh6 53.
Bc1 Ng4+ 54. Kg2 Nf5 55. Kf3 Nh2+ 56. Kg2 Ng4 57. Be2 Nge3+ 58. Kf2 Nd5 59. a4
bxa3 60. Bxa3 Nf6 61. Bb2+ Nd4 62. Ke3 Ne4 63. Bd3 Nxg3 64. b4 Kd5 65. bxc5
Ngf5+ 66. Kf4 Nxh4 67. Bxd4 Kxd4 1/2-1/2

[Event "V Sarkany-Aranytiz GM"]
[Site "Budapest HUN"]
[Date "2014.08.18"]
[Round "3.4"]
[White "Horvath, Csaba"]
[Black "Fernandez, Daniel Howard"]
[Result "1/2-1/2"]
[WhiteTitle "GM"]
[BlackTitle "IM"]
[WhiteElo "2540"]
[BlackElo "2400"]
[WhiteFideId "700118"]
[BlackFideId "5801605"]
[EventDate "2014.08.16"]

1. d4 d5 2. c4 e6 3. Nf3 Be7 4. g3 Nf6 5. Bg2 O-O 6. O-O b6 7. cxd5 exd5 8. Nc3
Bb7 9. Ne5 a6 10. Qb3 h6 11. Rd1 Ra7 12. Bf4 c6 13. Rac1 b5 14. e4 b4 15. exd5
cxd5 16. Na4 a5 17. Nc5 Ba8 18. Bh3 Bd6 19. Qd3 Ne4 20. f3 Nxc5 21. dxc5 Bc7 22.
Qd4 Ra6 23. Re1 Qf6 24. Qd3 Ra7 25. Re2 Bb7 26. Ng4 Qa6 27. Qxa6 Bxa6 28. Rd2
Bxf4 29. gxf4 Rd8 30. Rcd1 Bb7 31. Ne5 Ra6 32. Kf2 Rf6 33. Rd4 Re8 34. Bf1 Nc6
35. Nxc6 Bxc6 36. Bd3 g6 37. Re1 Kf8 38. Rxe8+ Kxe8 39. Ke3 Kd7 40. h4 Kc7 41.
f5 gxf5 42. Rf4 Bd7 43. h5 Re6+ 44. Kd4 Re1 45. Bxf5 Rd1+ 46. Ke5 Bxf5 47. Rxf5
Kc6 48. Rxf7 d4 49. Ke4 a4 50. Ra7 Kxc5 51. Rc7+ Kb5 52. Rb7+ Kc4 53. Rc7+ Kb5
54. Rb7+ 1/2-1/2

[Event "V Sarkany-Aranytiz GM"]
[Site "Budapest HUN"]
[Date "2014.08.18"]
[Round "3.5"]
[White "Korpa, Bence"]
[Black "To, Nhat Minh"]
[Result "1/2-1/2"]
[WhiteTitle "FM"]
[BlackTitle "IM"]
[WhiteElo "2418"]
[BlackElo "2339"]
[WhiteFideId "706671"]
[BlackFideId "729019"]
[EventDate "2014.08.16"]

1. c4 Nf6 2. Nc3 g6 3. g3 Bg7 4. Bg2 O-O 5. d4 d6 6. Nf3 Nc6 7. O-O a6 8. h3 Rb8
9. e4 b5 10. cxb5 axb5 11. Re1 e6 12. Qc2 b4 13. Na4 Bb7 14. b3 Qd7 15. Bb2 Ne7
16. Rad1 Rfc8 17. Ne5 Qe8 18. Nc4 Bc6 19. d5 Bxa4 20. bxa4 e5 21. a5 Nd7 22. f4
f6 23. h4 Nc5 24. Bh3 Rd8 25. fxe5 fxe5 26. Bc1 h6 27. Be3 Qa4 28. Qxa4 Nxa4 29.
Rd2 Nc3 30. Bf2 Kh7 31. Rb2 Nxe4 32. Rxe4 Nxd5 33. Rd2 Nc3 34. Re1 d5 35. Nxe5
Ne4 36. Rxe4 dxe4 37. Rxd8 Rxd8 38. Nd7 Ra8 39. Be6 e3 40. Bxe3 Re8 41. Nc5 Bf8
42. Nd7 Bg7 43. Nc5 Bf8 1/2-1/2

[Event "V Sarkany-Aranytiz GM"]
[Site "Budapest HUN"]
[Date "2014.08.19"]
[Round "4.1"]
[White "Fernandez, Daniel Howard"]
[Black "Zhou, Yang-Fan"]
[Result "1/2-1/2"]
[WhiteTitle "IM"]
[BlackTitle "IM"]
[WhiteElo "2400"]
[BlackElo "2475"]
[WhiteFideId "5801605"]
[BlackFideId "468584"]
[EventDate "2014.08.16"]
[EventType "tourn"]

1. Nf3 Nf6 2. c4 g6 3. g3 Bg7 4. Bg2 O-O 5. O-O d6 6. d4 Nc6 7. Nc3 a6 8. Bg5 h6
9. Bxf6 Bxf6 10. Rc1 Bg7 11. e3 Rb8 12. Qe2 e5 13. dxe5 Nxe5 14. Nxe5 Bxe5 15.
Rfd1 Bd7 16. c5 dxc5 17. Qc4 Bd6 18. Ne4 Bc6 19. Nxc5 Bxg2 20. Kxg2 Qe7 21. Ne4
Be5 22. b4 c6 23. Rc2 Rfd8 24. Rcd2 Rxd2 25. Rxd2 Rd8 26. h4 Rxd2 27. Nxd2 Bd6
28. a3 Qe5 29. Nb3 Qe7 30. Na5 Qc7 31. Qe4 Bf8 32. g4 c5 33. Nxb7 cxb4 34. axb4
Qe7 35. Qxe7 Bxe7 36. Nc5 a5 37. bxa5 Bxc5 38. Kf3 Ba7 39. Ke4 Kf8 40. Kd5 Ke7
41. a6 Kd7 42. Ke5 Ke7 43. Kd5 Kd7 44. h5 gxh5 45. gxh5 f6 46. f4 Bxe3 47. Ke4
Bc5 48. Kf5 Ke7 49. Kg6 Be3 50. Kxh6 Kf7 51. Kh7 f5 52. Kh8 Ba7 53. Kh7 Bb8 54.
Kh8 Ba7 55. Kh7 Bd4 56. Kh6 Kf6 57. Kh7 Kf7 58. Kh6 Kf6 59. Kh7 1/2-1/2

[Event "V Sarkany-Aranytiz GM"]
[Site "Budapest HUN"]
[Date "2014.08.19"]
[Round "4.2"]
[White "To, Nhat Minh"]
[Black "Szabo, Gergely-Andras-Gyula"]
[Result "0-1"]
[WhiteTitle "IM"]
[BlackTitle "GM"]
[WhiteElo "2339"]
[BlackElo "2541"]
[WhiteFideId "729019"]
[BlackFideId "1205064"]
[EventDate "2014.08.16"]
[EventType "tourn"]

1. b3 e5 2. Bb2 Nc6 3. e3 Nf6 4. Bb5 Bd6 5. Na3 Na5 6. Be2 a6 7. Nf3 Qe7 8. Nb1
c5 9. d4 Nc6 10. d5 Nd8 11. Nbd2 Bc7 12. Nc4 d6 13. Bxe5 dxe5 14. d6 Bxd6 15.
Qxd6 e4 16. Nfe5 Qxd6 17. Nxd6+ Ke7 18. O-O-O h5 19. f3 exf3 20. gxf3 Be6 21.
Rhg1 Nd5 22. Ne4 Nxe3 23. Rde1 Nf5 24. Nxc5 Rc8 25. Nxe6 Nxe6 26. Bd3 Nfd4 27.
f4 g6 28. Kb2 Rhd8 29. Be4 Rc7 30. c3 Nb5 31. Nc4 Nd6 32. Bd5 Nxc4+ 33. Bxc4
Rd2+ 34. Ka3 Rc6 35. h3 b5 36. Bxe6 Rxe6 37. Rxe6+ Kxe6 38. Re1+ Kd6 39. Re8 Rf2
40. Ra8 Rxf4 41. Rxa6+ Kc7 42. h4 Rxh4 43. Ra7+ Kd6 44. Rxf7 Rg4 45. b4 h4 46.
Rh7 g5 47. Kb3 Rg3 48. Rh5 h3 49. a4 bxa4+ 50. Kxa4 g4 51. c4 Rg2 52. c5+ Ke6
53. c6 h2 54. Rh6+ Ke7 55. b5 g3 56. c7 Rc2 57. b6 Rxc7 58. Rh7+ Kd8 59. bxc7+
Kc8 60. Kb3 g2 61. Rxh2 g1=Q 62. Rc2 Qb1+ 63. Kc3 Kxc7 64. Kd2+ Kd6 65. Rc3 Kd5
66. Rh3 Qb4+ 67. Kc2 Qe4+ 68. Kb3 Kd4 69. Rh8 Qe6+ 70. Kb2 Kd3 71. Rd8+ Kc4 72.
Rd2 Qe5+ 73. Kc2 Qe3 74. Rd8 Qe4+ 75. Kd1 Qg4+ 76. Kc2 Qf5+ 77. Kd1 Kc3 78. Ke2
Qe6+ 79. Kd1 Qg4+ 0-1

[Event "V Sarkany-Aranytiz GM"]
[Site "Budapest HUN"]
[Date "2014.08.19"]
[Round "4.3"]
[White "Kislik, Erik Andrew"]
[Black "Horvath, Csaba"]
[Result "0-1"]
[WhiteTitle "IM"]
[BlackTitle "GM"]
[WhiteElo "2362"]
[BlackElo "2540"]
[WhiteFideId "2022702"]
[BlackFideId "700118"]
[EventDate "2014.08.16"]
[EventType "tourn"]

1. e4 c5 2. Nf3 b6 3. d4 cxd4 4. Nxd4 Bb7 5. Bd3 g6 6. Nd2 Bg7 7. N2f3 d6 8. a4
Nf6 9. Qe2 O-O 10. O-O Nbd7 11. Nb3 a6 12. h3 Qc7 13. c3 e5 14. c4 a5 15. Nfd2
Nh5 16. g3 f5 17. exf5 Ndf6 18. Kh2 e4 19. Nxe4 Bxe4 20. Bxe4 Rae8 21. Nd2 d5
22. cxd5 gxf5 23. d6 Qf7 24. Bf3 Rxe2 25. Bxe2 Kh8 26. Nc4 f4 27. g4 f3 28. Bd3
Nf4 29. Ne5 Nxg4+ 30. Nxg4 Nxd3 0-1

[Event "V Sarkany-Aranytiz GM"]
[Site "Budapest HUN"]
[Date "2014.08.19"]
[Round "4.4"]
[White "Izso, Daniel"]
[Black "Mihok, Oliver"]
[Result "1/2-1/2"]
[BlackTitle "IM"]
[WhiteElo "2370"]
[BlackElo "2455"]
[WhiteFideId "723924"]
[BlackFideId "728012"]
[EventDate "2014.08.16"]
[EventType "tourn"]

1. e4 c5 2. Nf3 Nc6 3. d4 cxd4 4. Nxd4 Qb6 5. Nb3 Nf6 6. Nc3 e6 7. Bd3 a6 8. O-O
d6 9. Kh1 Be7 10. f4 Qc7 11. Qf3 O-O 12. Bd2 b5 13. a3 Bb7 14. Qh3 b4 15. Ne2
bxa3 16. Rxa3 e5 17. Ra4 exf4 18. Bxf4 Ne5 19. Nc3 Rfe8 20. Nd4 g6 21. Bg5 Nfg4
22. Qh4 Qd8 23. Bxe7 Qxe7 24. Qxe7 Rxe7 25. h3 Nxd3 26. cxd3 Ne5 27. Rd1 Rc8 28.
Rb4 Rd7 29. Nf3 f5 30. Kg1 Rf8 31. Nd4 fxe4 32. dxe4 Re8 33. Nd5 Kg7 34. Nf3 Nf7
35. Kf2 Rc8 36. Ke3 Re8 37. Kf2 Rc8 38. Ke3 Re8 1/2-1/2

[Event "V Sarkany-Aranytiz GM"]
[Site "Budapest HUN"]
[Date "2014.08.19"]
[Round "4.5"]
[White "Korpa, Bence"]
[Black "Hera, Imre Jr."]
[Result "1/2-1/2"]
[WhiteTitle "FM"]
[BlackTitle "GM"]
[WhiteElo "2418"]
[BlackElo "2566"]
[WhiteFideId "706671"]
[BlackFideId "716855"]
[EventDate "2014.08.16"]
[EventType "tourn"]

1. e4 d6 2. d4 Nf6 3. Nc3 g6 4. f4 Bg7 5. Nf3 O-O 6. e5 Nfd7 7. h4 c5 8. h5 cxd4
9. hxg6 dxc3 10. gxf7+ Rxf7 11. Bc4 e6 12. Ng5 Nxe5 13. Qh5 h6 14. fxe5 hxg5 15.
Qh7+ Kf8 16. Qh8+ Bxh8 17. Rxh8+ Kg7 18. Rxd8 Nc6 19. Rxd6 Nxe5 20. Be2 Rc7 21.
bxc3 Nf7 22. Rd4 e5 23. Rc4 Rxc4 24. Bxc4 Bf5 25. Bd3 Kg6 26. Be3 1/2-1/2

[Event "V Sarkany-Aranytiz GM"]
[Site "Budapest HUN"]
[Date "2014.08.20"]
[Round "5.1"]
[White "Hera, Imre Jr."]
[Black "To, Nhat Minh"]
[Result "1/2-1/2"]
[WhiteTitle "GM"]
[BlackTitle "IM"]
[WhiteElo "2566"]
[BlackElo "2339"]
[WhiteFideId "716855"]
[BlackFideId "729019"]
[EventDate "2014.08.16"]

1. c4 c6 2. e4 d5 3. exd5 cxd5 4. cxd5 Nf6 5. Nc3 Nxd5 6. Nf3 Nc6 7. Bb5 Nxc3 8.
bxc3 Qd5 9. Qe2 Bg4 10. Bc4 Bxf3 11. Bxd5 Bxe2 12. Kxe2 e6 13. Be4 Rc8 14. d4
Bd6 15. f4 g6 16. Kd3 Na5 17. g4 h5 18. h3 hxg4 19. hxg4 Rxh1 20. Bxh1 b6 21. f5
gxf5 22. gxf5 Kd7 23. Bd2 Rh8 24. fxe6+ fxe6 25. Bg2 Rg8 26. Bf3 Rg3 27. Rf1 b5
28. Be1 Rh3 29. Ke4 Nc4 30. Rg1 Bf8 31. Rh1 Rxh1 32. Bxh1 Nb6 33. Bf3 Nd5 34.
Be2 Nc7 35. c4 bxc4 36. Bxc4 Bd6 37. Bb3 Bh2 38. Ba4+ Ke7 39. Bb4+ Bd6 40. Bd2
Bh2 41. Bb3 Nd5 42. Bxd5 exd5+ 43. Kxd5 Bg1 44. Bf4 Kd7 45. Be5 Bxd4 46. Bxd4
Kc7 47. Bxa7 Kb7 48. Bd4 Ka8 49. a4 Kb7 50. a5 Ka8 51. Kc6 Kb8 52. a6 Ka8 53. a7 1/2-1/2

[Event "V Sarkany-Aranytiz GM"]
[Site "Budapest HUN"]
[Date "2014.08.20"]
[Round "5.2"]
[White "Mihok, Oliver"]
[Black "Korpa, Bence"]
[Result "1-0"]
[WhiteTitle "IM"]
[BlackTitle "FM"]
[WhiteElo "2455"]
[BlackElo "2418"]
[WhiteFideId "728012"]
[BlackFideId "706671"]
[EventDate "2014.08.16"]

1. e4 c6 2. d4 d5 3. Nc3 dxe4 4. Nxe4 Bf5 5. Ng3 Bg6 6. Bc4 e6 7. N1e2 Nf6 8.
O-O Bd6 9. f4 Qc7 10. f5 Bxf5 11. Nxf5 exf5 12. Rxf5 Nbd7 13. Bf4 O-O 14. Qd3
Bxf4 15. Nxf4 b5 16. Bb3 Rae8 17. Rf1 Re7 18. c3 Qd6 19. Qh3 g6 20. Rg5 Ne4 21.
Rg4 Nd2 22. Qh6 Nxb3 23. axb3 f5 24. Rg3 Rfe8 25. Nxg6 Rg7 26. Qf4 Qxf4 27. Nxf4
Rxg3 28. hxg3 Kf7 29. Ra1 Ra8 30. b4 Nb6 31. Nd3 Ke6 32. Ne5 Kd6 33. Kf2 Na4 34.
Rh1 Nxb2 35. Rh6+ Kd5 36. Rxc6 a5 37. Rc5+ Ke4 38. Ke2 Na4 39. Nd7 Nxc3+ 40.
Rxc3 axb4 41. Rb3 Ra2+ 42. Kf1 Ra1+ 43. Kf2 Ra2+ 44. Kg1 Rd2 45. Rxb4 Rxd4 46.
Nc5+ Kd5 47. Rxb5 Kc6 48. Ra5 Kb6 49. Nb3 Rd3 50. Ra8 Kc7 51. Nc5 Rc3 52. Ne6+
Kd7 53. Nd4 Rxg3 54. Ra7+ 1-0